000 00598nam a2200265Ia 4500
005 20260306153437.0
008 008 260114s9999 xx 000 0 eng d
020 _a9780511620966
037 _aEBOOK
040 _aCRL
040 _beng
040 _cCRL
041 _2eng
041 _aeng
084 _qCRL
100 _aEinhorn
_91125486
245 0 _aOld French
250 _a1st Ed
260 _bCambridge University Press
260 _c2010
650 _aLinguistics
856 _uhttps://doi.org/10.1017/CBO9780511620966
942 _cEBOOK
999 _c1703506
_d1703506